Mathematik für Wirtschaftswissenschaftler 1 Lineare Algebra

Salvato in:
Dettagli Bibliografici
Natura: Libro
Lingua:tedesco
Pubblicazione: Berlin Springer 1987
Edizione:2. durchges. Aufl.
Tags: Aggiungi Tag
Nessun Tag, puoi essere il primo ad aggiungerne!!

MARC

LEADER 00000nam a2200000 4500
001 c025813
005 20260326133342.1
041 0 |a ger 
044 |a DE 
245 1 0 |a Mathematik für Wirtschaftswissenschaftler 1  |b Lineare Algebra 
250 |a 2. durchges. Aufl. 
264 1 |a Berlin  |b Springer  |c 1987 
300 |a 298 s.